[Event "EU-ch (Women) 3rd"]
[Site "Varna"]
[Date "2002.06.01"]
[Round "6"]
[White "Ismailova, Aytaj"]
[Black "Shtereva, Slaveja"]
[Result "0-1"]
[WhiteElo "2157"]
[BlackElo "2071"]
[PlyCount "120"]
[EventDate "2002.05.27"]
[EventType "swiss"]
[EventRounds "11"]
[EventCountry "BUL"]
[SourceTitle "CBM 088 Extra"]
[Source "ChessBase"]
[SourceDate "2002.07.01"]
[SourceVersion "2"]
[SourceVersionDate "2002.07.01"]
[SourceQuality "1"]

1. e4 c5 2. Nf3 e6 3. d4 cxd4 4. Nxd4 a6 5. Bd3 Nc6 6. Nxc6 dxc6 7. 0-0 e5 8. Nd2 Qc7 9. a4 Nf6 10. Nc4 b5 11. axb5 cxb5 12. Ne3 Bb7 13. f3 Bc5 14. Kh1 0-0 15. Qe1 g6 16. Qh4 Nh5 17. Nf5 Rfe8 18. Bg5 f6 19. Bh6 Qf7 20. Be3 Bxe3 21. Nxe3 Nf4 22. Ng4 Kg7 23. Qh6+ Kh8 24. Rfd1 Red8 25. Bf1 Ne6 26. c3 Rxd1 27. Rxd1 Rd8 28. Rxd8+ Nxd8 29. Qd2 Qe7 30. Be2 Nf7 31. Ne3 Qd8 32. Qxd8+ Nxd8 33. c4 bxc4 34. Bxc4 Kg7 35. Kg1 Kf8 36. Nd5 Bxd5 37. Bxd5 a5 38. Kf2 Ke7 39. Ke3 Kd6 40. Kd3 Kc5 41. g3 Kb4 42. f4 Kc5 43. Kc3 exf4 44. gxf4 g5 45. fxg5 fxg5 46. Kd3 h5 47. Ke3 Nc6 48. Bf7 h4 49. h3 Ne5 50. Be6 a4 51. Bg8 Nc4+ 52. Bxc4 Kxc4 53. Kf3 Kd4 54. Kg4 Kxe4 55. Kxg5 Kd3 56. Kxh4 Kc2 57. Kg5 Kxb2 58. h4 a3 59. h5 a2 60. h6 a1Q 0-1

[Event "EU-ch (Women) 3rd"]
[Site "Varna"]
[Date "2002.05.29"]
[Round "3"]
[White "Shtereva, Slaveja"]
[Black "Agrest, Svetlana"]
[Result "0-1"]
[WhiteElo "2071"]
[BlackElo "2225"]
[PlyCount "82"]
[EventDate "2002.05.27"]
[EventType "swiss"]
[EventRounds "11"]
[EventCountry "BUL"]
[SourceTitle "CBM 088 Extra"]
[Source "ChessBase"]
[SourceDate "2002.07.01"]
[SourceVersion "2"]
[SourceVersionDate "2002.07.01"]
[SourceQuality "1"]

1. c4 f5 2. Nc3 Nf6 3. d4 g6 4. g3 Bg7 5. Bg2 d6 6. Nf3 0-0 7. 0-0 c6 8. d5 Qe8 9. e4 fxe4 10. Ng5 Na6 11. Ngxe4 Nxe4 12. Nxe4 Bf5 13. Re1 Qd7 14. Ng5 Nc5 15. Ne4 Na6 16. Ng5 Nc7 17. dxc6 bxc6 18. Qa4 d5 19. Bf4 Rac8 20. Rad1 e6 21. Be5 Bxe5 22. Rxe5 h6 23. Nh3 Qg7 24. Rde1 g5 25. Qxc6 dxc4 26. Qxc4 Nd5 27. Qd4 Nb6 28. Qd1 Nc4 29. Rb5 Nxb2 30. Qh5 Nd3 31. Rd1 Ne5 32. Qe2 Bg4 33. f3 Nxf3+ 34. Bxf3 Bxf3 35. Qxe6+ Kh8 36. Rf1 Rcd8 37. Qb3 Be2 38. Rxf8+ Rxf8 39. Rb8 Qd4+ 40. Kg2 Bf1+ 41. Kh1 Qe4+ 0-1

[Event "EU-ch (Women) 3rd"]
[Site "Varna"]
[Date "2002.05.28"]
[Round "2"]
[White "Kharashkina, Bairta"]
[Black "Shtereva, Slaveja"]
[Result "1/2-1/2"]
[WhiteElo "2193"]
[BlackElo "2071"]
[PlyCount "103"]
[EventDate "2002.05.27"]
[EventType "swiss"]
[EventRounds "11"]
[EventCountry "BUL"]
[SourceTitle "CBM 088 Extra"]
[Source "ChessBase"]
[SourceDate "2002.07.01"]
[SourceVersion "2"]
[SourceVersionDate "2002.07.01"]
[SourceQuality "1"]

1. e4 c5 2. c3 Nf6 3. e5 Nd5 4. d4 cxd4 5. Nf3 e6 6. cxd4 d6 7. Bc4 Nb6 8. Bd3 Bd7 9. Nc3 Bc6 10. 0-0 N8d7 11. Re1 dxe5 12. Nxe5 Nxe5 13. dxe5 Bb4 14. Qe2 Na4 15. Qc2 Qa5 16. Bd2 Rd8 17. Re3 Bxc3 18. bxc3 Qd5 19. Rg3 Nc5 20. Bg5 Rd7 21. Be2 Qxe5 22. Be3 f6 23. Bd4 Qe4 24. Qxe4 Nxe4 25. Re3 Kf7 26. Bxa7 Ra8 27. Bb6 Rd2 28. Bc4 Bd5 29. Bxd5 exd5 30. f3 Nd6 31. Bc5 Nf5 32. Ree1 Raxa2 33. Rxa2 Rxa2 34. Rb1 Kg6 35. g3 Rc2 36. Rb3 h5 37. Bf2 Kg5 38. Bc5 g6 39. Rxb7 Rxc3 40. h4+ Nxh4 41. gxh4+ Kxh4 42. Be7 Rxf3 43. Rb6 Kg5 44. Kg2 Rf5 45. Bc5 Kf4 46. Rb4+ Ke5 47. Bd4+ Ke6 48. Rb6+ Kf7 49. Rb7+ Ke6 50. Rb6+ Kf7 51. Rb7+ Ke6 52. Rb6+ 1/2-1/2

[Event "Wch U18 Girls"]
[Site "Oropesa del Mar"]
[Date "2001.10.24"]
[Round "4"]
[White "Shtereva, Slaveja"]
[Black "Caoili, Arianne"]
[Result "1/2-1/2"]
[WhiteElo "2100"]
[BlackElo "2152"]
[PlyCount "64"]
[EventDate "2001.10.21"]
[EventType "swiss"]
[EventRounds "11"]
[EventCountry "ESP"]
[SourceTitle "EXT 2002"]
[Source "ChessBase"]
[SourceDate "2001.11.25"]
[SourceVersion "1"]
[SourceVersionDate "2001.11.25"]
[SourceQuality "1"]

1. e4 e5 2. Nf3 Nc6 3. Bb5 a6 4. Ba4 Nf6 5. 0-0 Be7 6. Re1 b5 7. Bb3 d6 8. h3 0-0 9. c3 Nb8 10. d4 Nbd7 11. Nbd2 Bb7 12. Bc2 Re8 13. Nf1 Bf8 14. Ng3 g6 15. d5 c6 16. dxc6 Bxc6 17. a4 Qc7 18. a5 d5 19. exd5 Bxd5 20. Bb3 Bxb3 21. Qxb3 Nc5 22. Qc2 e4 23. Ng5 Rad8 24. Be3 Nd3 25. Bb6 Qc4 26. Bxd8 Nxe1 27. Rxe1 Rxd8 28. N5xe4 Nxe4 29. Nxe4 Bg7 30. Nd2 Qc7 31. Nb3 Qc4 32. Re4 Qd5 1/2-1/2

[Event "EU-ch U20 Girls"]
[Site "Patras"]
[Date "2001.07.21"]
[Round "6"]
[White "Shtereva, Slaveja"]
[Black "Sperdokli, Elli"]
[Result "0-1"]
[WhiteElo "2100"]
[BlackElo "2141"]
[PlyCount "76"]
[EventDate "2001.07.16"]
[EventType "swiss"]
[EventRounds "11"]
[EventCountry "GRE"]
[SourceTitle "CBM 083 Extra"]
[Source "ChessBase"]
[SourceDate "2001.09.11"]
[SourceVersion "1"]
[SourceVersionDate "2001.09.11"]
[SourceQuality "1"]

1. e4 c5 2. Nf3 d6 3. d4 cxd4 4. Nxd4 Nf6 5. Nc3 a6 6. h3 g6 7. g4 Bg7 8. Bg2 0-0 9. 0-0 Nc6 10. Nxc6 bxc6 11. e5 dxe5 12. Qxd8 Rxd8 13. Bxc6 Rb8 14. Rd1 Rd6 15. Bg2 Bb7 16. Rb1 Bxg2 17. Kxg2 h5 18. g5 Ne4 19. Nd5 Rbd8 20. Re1 Rxd5 21. Rxe4 Rd1 22. b4 f5 23. Re3 Rc8 24. Rd3 Re1 25. Re3 Rxe3 26. Bxe3 Rxc2 27. a4 e4 28. b5 axb5 29. axb5 Rb2 30. Rxb2 Bxb2 31. Ba7 Kf7 32. Bb8 Bd4 33. f3 exf3+ 34. Kxf3 Ke6 35. Ke2 Kd5 36. Bc7 Kc5 37. Kd3 e5 38. b6 e4+ 0-1

[Event "EU-ch U20 Girls"]
[Site "Patras"]
[Date "2001.07.20"]
[Round "5"]
[White "Kovalevskaya, Natalia"]
[Black "Shtereva, Slaveja"]
[Result "1/2-1/2"]
[WhiteElo "2152"]
[BlackElo "2100"]
[PlyCount "111"]
[EventDate "2001.07.16"]
[EventType "swiss"]
[EventRounds "11"]
[EventCountry "GRE"]
[SourceTitle "CBM 083 Extra"]
[Source "ChessBase"]
[SourceDate "2001.09.11"]
[SourceVersion "1"]
[SourceVersionDate "2001.09.11"]
[SourceQuality "1"]

1. e4 c5 2. Nf3 e6 3. d4 cxd4 4. Nxd4 a6 5. Nc3 b5 6. Bd3 Qb6 7. Nb3 Qc7 8. 0-0 Bb7 9. f4 d6 10. f5 e5 11. Bg5 Nd7 12. Be2 Ngf6 13. Nd5 Bxd5 14. exd5 Be7 15. Rc1 0-0 16. Bxf6 Bxf6 17. c4 Bg5 18. Rc3 Rfc8 19. Kh1 b4 20. Rh3 Nf6 21. Nd2 e4 22. Nb3 Re8 23. Nd4 Nd7 24. b3 a5 25. Qe1 Bf6 26. Nc2 Qc5 27. Ne3 a4 28. Ng4 axb3 29. axb3 Ra2 30. Bd1 Qd4 31. Qg3 Rd2 32. Ne3 Qe5 33. Qg4 Bd8 34. Rg3 Qf6 35. Qh5 Qh4 36. Qxh4 Bxh4 37. Rg4 Bf6 38. h4 Rd3 39. Re1 Bc3 40. Re2 Bd4 41. Rg3 Bxe3 42. Bc2 Re5 43. Rgxe3 Rxe3 44. Rxe3 Rxf5 45. Rxe4 Re5 46. Kg1 Rxe4 47. Bxe4 Nc5 48. Bc2 Kf8 49. Kf2 h6 50. Kf3 Ke7 51. Kg4 Kf6 52. Kf4 g6 53. g3 h5 54. Bd1 Nd3+ 55. Ke3 Nc5 56. Kf4 1/2-1/2